000 00260nam a2200109Ia 4500
008 220216s9999 xx 000 0 und d
100 _aPhilip A
245 0 _aRubberinu valam ideel: Pothu suparshakal
260 _bRubber
_c2010
300 _a13-15
942 _cBS
999 _c48588
_d48588